000 00614nam a2200217Ia 4500
005 20260429112054.0
008 260429s9999||||xx |||||||||||||| ||und||
020 _a9788126938353
041 _aEnglish
082 _a303.4
_bROY
100 _aRoy, Ritobrata
245 0 _aAnthology of socio-political issues :
_bsome insights on critical thinking /
_cRitobrata Roy
250 _a1st ed.
260 _aNew Delhi :
_bAtlantic Publishers and Distributors,
_c2024.
300 _axviii, 302 p.; hb
650 _a Issues
650 _a Social
650 _aPolitical
700 _a Nandi, Ashis
942 _cTB
999 _c52204
_d52204